=LDR 00000nam 2200000 4500 =001 INLIS000000000015835 =005 20200924092029 =035 ##$$a 0010-061300000015835 =008 200924################g##########0#ind## =041 ##$$a Ind =082 ##$$a 306.095 982 =090 ##$$a 306.095 982, Her s =100 1#$$a Herusatoto, Budiono =245 1#$$a Simbolisme dalam budaya jawa /$c Budiono Herusatoto =260 ##$$a Yogyakarta :$b Hanindita Graha Widia,$c 2000 =300 ##$$a viii, 128 hlm. : $b Ilus ; $c 15x23 cm. =650 #4$$a Simbolisme jawa =850 ##$$a NBPNMAT =020 ##$$a 979-8849-01-9 =084 ##$$a 306.095 982 HER s =504 ##$$a Bibliografi : hlm. 121 - 128 =990 ##$$a 165.404/pro2001 =990 ##$$a 165.408/pro2001 =990 ##$$a 165.405 pro.2001 =990 ##$$a 166.008 hd.01 =990 ##$$a 165.408/pro2001 =990 ##$$a 165.404/pro2001 =990 ##$$a 165.405 pro.2001 =990 ##$$a 166.008 hd.01 =990 ##$$a 09580958 =990 ##$$a 165.407/Pro-2001 =990 ##$$a 165.404/pro2001 =990 ##$$a 165.408/pro2001 =990 ##$$a 165.405 pro.2001 =990 ##$$a 166.008 hd.01 =990 ##$$a 165.408/pro2001 =990 ##$$a 165.404/pro2001 =990 ##$$a 165.405 pro.2001 =990 ##$$a 166.008 hd.01 =990 ##$$a 165.407/Pro-2001 =990 ##$$a 165.408/Pro-2001 =990 ##$$a 165.404/pro2001 =990 ##$$a 165.405 pro.2001 =990 ##$$a 166.008 hd.01 =990 ##$$a 165.407/Pro-2001 =990 ##$$a 165.408/Pro-2001 =990 ##$$a 165.404/pro2001 =990 ##$$a 165.405 pro.2001 =990 ##$$a 166.008 hd.01 =990 ##$$a 165.407/Pro-2001 =990 ##$$a 165.408/Pro-2001 =990 ##$$a 165.404/pro2001 =990 ##$$a 165.405 pro.2001 =990 ##$$a 166.008 hd.01 =990 ##$$a 165.407/Pro-2001 =990 ##$$a 165.408/Pro-2001 =990 ##$$a 165.404/pro2001 =990 ##$$a 165.405 pro.2001 =990 ##$$a 166.008 hd.01 =990 ##$$a 165.407/Pro-2001 =990 ##$$a 165.408/Pro-2001 =990 ##$$a 165.404/pro2001 =990 ##$$a 165.405 pro.2001 =990 ##$$a 166.008 hd.01 =990 ##$$a 165.407/Pro-2001